Mechanics, heat and sound / (Record no. 8264)
[ view plain ]
| 000 -LEADER | |
|---|---|
| fixed length control field | 00992cam a22003131 4500 |
| 001 - CONTROL NUMBER | |
| control field | 8264 |
| 003 - CONTROL NUMBER IDENTIFIER | |
| rucl marc code | BD-RjUL |
| 005 - DATE AND TIME OF LATEST TRANSACTION | |
| control field | 20211208234544.0 |
| 008 - FIXED-LENGTH DATA ELEMENTS--GENERAL INFORMATION | |
| fixed length control field | 14 r19641950maua 001 0 eng |
| 035 ## - SYSTEM CONTROL NUMBER | |
| System control number | (BD-RjUL)8309 |
| System control number | (OCoLC)351605 |
| 040 ## - CATALOGING SOURCE | |
| Original cataloging agency | DLC |
| Transcribing agency | OYU |
| Modifying agency | OCoLC |
| -- | DLC |
| -- | BD-RjUL |
| Language of cataloging | eng |
| 041 ## - LANGUAGE CODE | |
| Language code of text/sound track or separate title | eng |
| 082 04 - DEWEY DECIMAL CLASSIFICATION NUMBER | |
| Edition number | 16 |
| Classification number | 530 |
| Author mark and year | SEM 1964 |
| 100 1# - MAIN ENTRY--PERSONAL NAME | |
| Personal name | Sears, Francis Weston, |
| Dates associated with a name | 1898-1975. |
| 9 (RLIN) | 25763 |
| 245 00 - TITLE STATEMENT | |
| Title | Mechanics, heat and sound / |
| Statement of responsibility, etc. | Francis weston sears |
| 250 ## - EDITION STATEMENT | |
| Edition statement | 2nd ed. |
| 260 ## - PUBLICATION, DISTRIBUTION, ETC. (IMPRINT) | |
| Place of publication, distribution, etc. | Cambridge, Mass. : |
| Name of publisher, distributor, etc. | Addison-Wesley Press, |
| Date of publication, distribution, etc. | 1950 [ printing 1964]. |
| 300 ## - PHYSICAL DESCRIPTION | |
| Pagination | x, 571 p. : |
| Illustrations | ill. ; |
| Size | 24 cm. |
| 490 1# - SERIES STATEMENT | |
| Series statement | Principles of physics series |
| 500 ## - GENERAL NOTE | |
| General note | First ed. published in 1944 as v. 1 of the author's Principles of physics. |
| 504 ## - BIBLIOGRAPHY, ETC. NOTE | |
| Bibliography, etc | Includes index. |
| 650 #0 - SUBJECT ADDED ENTRY--TOPICAL TERM | |
| Topical term or geographic name as entry element | Mechanics. |
| 9 (RLIN) | 25764 |
| Topical term or geographic name as entry element | Heat. |
| 9 (RLIN) | 25765 |
| Topical term or geographic name as entry element | Sound. |
| 9 (RLIN) | 25766 |
| 830 #0 - SERIES ADDED ENTRY--UNIFORM TITLE | |
| Uniform title | Addison-Wesley principles of physics series. |
| 942 ## - ADDED ENTRY ELEMENTS (KOHA) | |
| Source of classification or shelving scheme | Dewey Decimal Classification |
| Koha item type | Books |
| Lost status | Source of classification or shelving scheme | Damaged status | Not for loan | Collection code | Permanent Location | Current Location | Shelving location | Date acquired | Source of acquisition | Total Checkouts | Full call number | Date last seen | Copy number | Koha item type | Cost, normal purchase price |
|---|---|---|---|---|---|---|---|---|---|---|---|---|---|---|---|
| Dewey Decimal Classification | Non-fiction | Central Library, University of Rajshahi | Central Library, University of Rajshahi | 09/01/1974 | U.S.Govt. | 530 SEM 1964 | 06/09/2016 | C-2 | Books | ||||||
| Dewey Decimal Classification | Non-fiction | Central Library, University of Rajshahi | Central Library, University of Rajshahi | 09/01/1974 | U.S.Govt. | 530 SEM 1964 | 06/09/2016 | C-3 | Books | ||||||
| Dewey Decimal Classification | Non-fiction | Central Library, University of Rajshahi | Central Library, University of Rajshahi | 09/01/1974 | U.S.Govt. | 530 SEM 1964 | 06/09/2016 | C-4 | Books | ||||||
| Dewey Decimal Classification | Non-fiction | Central Library, University of Rajshahi | Central Library, University of Rajshahi | 09/01/1974 | U.S.Govt. | 530 SEM 1964 | 06/09/2016 | C-5 | Books | ||||||
| Dewey Decimal Classification | Non-fiction | Central Library, University of Rajshahi | Central Library, University of Rajshahi | 09/01/1974 | U.S.Govt. | 530 SEM 1964 | 06/09/2016 | C-6 | Books | ||||||
| Dewey Decimal Classification | Non-fiction | Central Library, University of Rajshahi | Central Library, University of Rajshahi | 09/01/1974 | U.S.Govt. | 530 SEM 1964 | 06/09/2016 | C-8 | Books | ||||||
| Dewey Decimal Classification | Non-fiction | Central Library, University of Rajshahi | Central Library, University of Rajshahi | 20/01/1969 | Zeitlinger | 530 SEM 1964 | 06/09/2016 | C-9 | Books | 55.00 | |||||
| Dewey Decimal Classification | Non-fiction | Central Library, University of Rajshahi | Central Library, University of Rajshahi | 20/01/1969 | Zeitlinger | 530 SEM 1964 | 06/09/2016 | C-10 | Books | 55.00 | |||||
| Dewey Decimal Classification | Non-fiction | Central Library, University of Rajshahi | Central Library, University of Rajshahi | 20/01/1969 | Zeitlinger | 530 SEM 1964 | 06/09/2016 | C-1 | Books | 55.00 | |||||
| Dewey Decimal Classification | Non-fiction | Central Library, University of Rajshahi | Central Library, University of Rajshahi | 20/01/1969 | Zeetlinger | 530 SEM 1964 | 07/09/2016 | C-7 | Books | 55.00 |